| 000 | 00473nam a2200169 a 4500 | ||
|---|---|---|---|
| 005 | 20260322212013.0 | ||
| 008 | data | ||
| 092 | _a612.8233 H377 2016 | ||
| 110 | 2 | _aHarris Publications | |
| 245 | 1 | 4 |
_aThe brain : _bthe ultimate guide. _cHarris Publications. |
| 260 |
_aNew York _bHarris Publications _c2016 |
||
| 650 | 0 |
_aBrain _xPopular works |
|
| 650 | 0 |
_aNeurosciences _xPopular works |
|
| 650 | 0 |
_aMemory _xPopular works |
|
| 650 | 0 |
_aConsciousness _xPopular works |
|
| 001 | data | ||
| 999 |
_c284 _d284 |
||